000 01584cam a2200313 4500500
005 20251228052302.0
041 _afre
042 _adc
100 1 0 _aBaudoz, Jean-François
_eauthor
245 0 0 _aLe témoignage des sept moines de Tibhirine à la lumière des Actes des Apôtres
260 _c2011.
500 _a100
520 _aRésuméL’article commence par examiner le statut du témoin dans les Actes des Apôtres à partir du programme que Jésus fixe aux Apôtres (Ac 1, 8) puis s’attarde sur la figure d’Étienne, considéré par Luc comme le témoin authentique (Ac 22, 20). Le « témoin » n’est pas ainsi qualifié parce qu’il meurt. Mais il meurt parce qu’il est témoin : il accomplit sa mission en la radicalisant jusqu’à l’extrême. À la lumière du témoignage qu’ils ont rendu par leur mort, la vie tout entière des sept frères de Tibhirine devient un témoignage. Animés d’une invincible espérance, ils sont témoins du pardon sans réserve et martyrs de la charité.
690 _aActes des Apôtres
690 _aChristian de Chergé
690 _aChristophe Lebreton
690 _acisterciens
690 _aespérance
690 _aÉtienne
690 _aLuc
690 _amartyre
690 _amartyrs de la charité
690 _apardon
690 _atémoignage
690 _atémoins
690 _aTibhirine
786 0 _nTransversalités | 118 | 2 | 2011-06-01 | p. 147-159 | 1286-9449
856 4 1 _uhttps://shs.cairn.info/revue-transversalites-2011-2-page-147?lang=fr&redirect-ssocas=7080
999 _c1583246
_d1583246